| 000 | 00496nam a2200169 i 4500 | ||
|---|---|---|---|
| 001 | 80658 | ||
| 003 | ES-MaACL | ||
| 005 | 20230906174250.0 | ||
| 007 | t| | ||
| 008 | 041029s1971 sp ||||1| spa d | ||
| 100 | 1 |
_aHospital, Jean d'. _964286 |
|
| 245 | 1 | 0 |
_aRoma, cabeza y ombligo / _cJean d'Hospital ; [traducción de Vicente Santiago]. |
| 260 |
_aBarcelona : _bMateu, _c[1971] |
||
| 300 |
_a300 p. ; _c18 cm. |
||
| 700 | 1 |
_aSantiago, Vicente. _9103390 |
|
| 852 |
_aES-MaACL _jC-48160 _bR.76555 |
||
| 999 |
_c80658 _d80658 |
||